| 000 | 00565nam a22001337a 4500 | ||
|---|---|---|---|
| 040 | _cRUA | ||
| 082 | _aLMA TY 2015 B498 Or.1 | ||
| 100 | _aTY SARUN; ទី សារុន | ||
| 245 | _aStudy on land use planning in kirivong district, takeo province; ការសិក្សាអំពីផែនការប្រើប្រាស់ដីនៅទីប្រជុំជន នៅស្រុកគិរីវង់ ខេត្តតាកែវ | ||
| 260 |
_aPhnom Penh _bRUA _c2015 |
||
| 300 |
_axi;46p. _bill. _c29cm. |
||
| 856 | _uTY SARUN | ||
| 942 | _cLMA | ||
| 999 |
_c8344 _d8344 |
||